<?xml version="1.0" encoding="UTF-8"?><?xml-stylesheet type="text/xsl" href="static/style.xsl"?><OAI-PMH xmlns="http://www.openarchives.org/OAI/2.0/" xmlns:xsi="http://www.w3.org/2001/XMLSchema-instance" xsi:schemaLocation="http://www.openarchives.org/OAI/2.0/ http://www.openarchives.org/OAI/2.0/OAI-PMH.xsd"><responseDate>2026-04-17T22:50:18Z</responseDate><request verb="GetRecord" identifier="oai:www.recercat.cat:11351/9398" metadataPrefix="marc">https://recercat.cat/oai/request</request><GetRecord><record><header><identifier>oai:recercat.cat:11351/9398</identifier><datestamp>2025-10-24T10:35:43Z</datestamp><setSpec>com_2072_378070</setSpec><setSpec>com_2072_378040</setSpec><setSpec>col_2072_378092</setSpec></header><metadata><record xmlns="http://www.loc.gov/MARC21/slim" xmlns:dcterms="http://purl.org/dc/terms/" xmlns:xsi="http://www.w3.org/2001/XMLSchema-instance" xmlns:doc="http://www.lyncode.com/xoai" xsi:schemaLocation="http://www.loc.gov/MARC21/slim http://www.loc.gov/standards/marcxml/schema/MARC21slim.xsd">
   <leader>00925njm 22002777a 4500</leader>
   <datafield ind2=" " ind1=" " tag="042">
      <subfield code="a">dc</subfield>
   </datafield>
   <datafield ind2=" " ind1=" " tag="720">
      <subfield code="a">Muñoz Muñoz, Candido</subfield>
      <subfield code="e">author</subfield>
   </datafield>
   <datafield ind2=" " ind1=" " tag="720">
      <subfield code="a">Goulden, Bethan</subfield>
      <subfield code="e">author</subfield>
   </datafield>
   <datafield ind2=" " ind1=" " tag="720">
      <subfield code="a">Ahmed, Kawser</subfield>
      <subfield code="e">author</subfield>
   </datafield>
   <datafield ind2=" " ind1=" " tag="720">
      <subfield code="a">Giles, Ian</subfield>
      <subfield code="e">author</subfield>
   </datafield>
   <datafield ind2=" " ind1=" " tag="720">
      <subfield code="a">Alijotas Reig, Jaume</subfield>
      <subfield code="e">author</subfield>
   </datafield>
   <datafield ind2=" " ind1=" " tag="260">
      <subfield code="c">2023-04-24T07:34:12Z</subfield>
   </datafield>
   <datafield ind2=" " ind1=" " tag="260">
      <subfield code="c">2023-04-24T07:34:12Z</subfield>
   </datafield>
   <datafield ind2=" " ind1=" " tag="260">
      <subfield code="c">2023-02</subfield>
   </datafield>
   <datafield ind2=" " ind1=" " tag="520">
      <subfield code="a">Autoimmune rheumatic disease; Lupus; Obstetric complications</subfield>
   </datafield>
   <datafield ind2=" " ind1=" " tag="520">
      <subfield code="a">Enfermedad reumática autoinmune; Lupus; Complicaciones obstétricas</subfield>
   </datafield>
   <datafield ind2=" " ind1=" " tag="520">
      <subfield code="a">Malaltia reumàtica autoimmune; Lupus; Complicacions obstètriques</subfield>
   </datafield>
   <datafield ind2=" " ind1=" " tag="520">
      <subfield code="a">Objectives&#xd;
An increased risk of adverse maternal and foetal pregnancy complications (including pre-eclampsia, intrauterine growth restriction, and small for gestational age) is well described in women with autoimmune rheumatic disease (ARD) compared with the general population (GenPop). It is less clear, however, whether this risk of adverse pregnancy outcome (APO) also exists in women with ‘preclinical ARD’ (pre-ARD) before they are diagnosed with an ARD many years post-partum. Therefore, we have undertaken a systematic review of the available evidence on APO in patients who subsequently were diagnosed with a rheumatic disease to identify whether there is an increased risk in pre-ARD.&#xd;
Methods&#xd;
The present study was reported in accordance with the guidance of the Preferred Reporting Items for Systematic Reviews and Meta-Analyses (PRISMA) standard. A systematic literature review was performed using the online PubMed database. Pre-SLE and pre-RA patients were defined as those who, over the subsequent years, developed SLE or RA according to international classification criteria.&#xd;
Results&#xd;
A total of 176 articles were screened, and 27 original articles were selected for final analysis. Pre-RA was the most studied group, with 15 studies and a total of >1600 pregnancies, and pre-SLE was the second-most studied pre-ARD in pregnancy, with 14 studies and a total of >1000 pregnancies. We found that patients who subsequently developed SLE had an increased burden of poor pregnancy outcomes compared with pregnant women from the GenPop, but fewer APOs compared with pregnancies of women with SLE. In contrast, a similar rate of APOs was found when pre-RA pregnancies were compared with GenPop pregnancies.&#xd;
Conclusion&#xd;
Our findings of an increased risk of APO in certain pre-ARDs highlights the relevance of taking an obstetric history during the first rheumatology appointment and the need for novel screening strategies for the prediction of APOs. Further research is required to elucidate the immune basis of APOs in preclinical and clinical ARD.</subfield>
   </datafield>
   <datafield ind1="8" ind2=" " tag="024">
      <subfield code="a">http://hdl.handle.net/11351/9398</subfield>
   </datafield>
   <datafield tag="653" ind2=" " ind1=" ">
      <subfield code="a">Reumatisme</subfield>
   </datafield>
   <datafield tag="653" ind2=" " ind1=" ">
      <subfield code="a">Embaràs - Complicacions</subfield>
   </datafield>
   <datafield tag="653" ind2=" " ind1=" ">
      <subfield code="a">Malalties autoimmunitàries</subfield>
   </datafield>
   <datafield tag="653" ind2=" " ind1=" ">
      <subfield code="a">DISEASES::Musculoskeletal Diseases::Rheumatic Diseases</subfield>
   </datafield>
   <datafield tag="653" ind2=" " ind1=" ">
      <subfield code="a">DISEASES::Female Urogenital Diseases and Pregnancy Complications::Pregnancy Complications</subfield>
   </datafield>
   <datafield tag="653" ind2=" " ind1=" ">
      <subfield code="a">ANALYTICAL, DIAGNOSTIC AND THERAPEUTIC TECHNIQUES, AND EQUIPMENT::Diagnosis::Prognosis::Pregnancy Outcome</subfield>
   </datafield>
   <datafield tag="653" ind2=" " ind1=" ">
      <subfield code="a">ENFERMEDADES::enfermedades musculoesqueléticas::enfermedades reumáticas</subfield>
   </datafield>
   <datafield tag="653" ind2=" " ind1=" ">
      <subfield code="a">ENFERMEDADES::enfermedades de los genitales femeninos y complicaciones del embarazo::complicaciones del embarazo</subfield>
   </datafield>
   <datafield tag="653" ind2=" " ind1=" ">
      <subfield code="a">TÉCNICAS Y EQUIPOS ANALÍTICOS, DIAGNÓSTICOS Y TERAPÉUTICOS::diagnóstico::pronóstico::resultado del embarazo</subfield>
   </datafield>
   <datafield ind2="0" ind1="0" tag="245">
      <subfield code="a">Risk of adverse pregnancy outcomes prior to the onset of an autoimmune rheumatic disease: a systematic review</subfield>
   </datafield>
</record></metadata></record></GetRecord></OAI-PMH>